00474 2200169 4500001002100000005001500021035002000036245006300056100002600119250000600145300002300151260006200174082001400236084002000250020001800270650001600288INLIS00000000000197620250314012408 a0010-03250000211 aperjalanan mencari biji kopi juria /czuddi ichwan priyana0 apriyana, zuddi ichwan a1 a24 ;c21 x 29.7 cm ajakarta :bBadan pengembangan dan pembinaab bahasa,c2021 a741.559 8 a741.559 8 PRI p a9786233078665 4acerita anak